Problemas técnicos, económicos y jurídicos de urbanización de zonas turísticas : curso de conferencias : Tarragona, 1964 curso de conferencias :
Descripción Física:
v. ; 24 cm
MARC
| LEADER | 00000nam a2200000Ia 4500 | ||
|---|---|---|---|
| 001 | 163 | ||
| 003 | BGR | ||
| 005 | 20260324175326.0 | ||
| 008 | 160829s1965 xx 000 0 cat d | ||
| 080 | |a B-2-8 | ||
| 245 | |a Problemas técnicos, económicos y jurídicos de urbanización de zonas turísticas : |b curso de conferencias : |b Tarragona, 1964 | ||
| 260 | |a Madrid : |b Instituto de Estudios Turísticos, |c 1965 | ||
| 300 | |a v. ; |c 24 cm | ||
| 590 | |a Notes, referències bibliogràfiques | ||
| 650 | |a Urbanisme |9 30914 | ||
| 650 | 0 | |a Turisme i urbanisme |9 27106 | |
| 710 | 2 | |a Instituto de Estudios Turísticos |9 71166 | |
| 866 | |a 2 | ||
| 901 | |a Arxiu | ||
| 942 | |n 1 |2 udc |c MON | ||
| 952 | |0 0 |1 0 |4 0 |6 B28 |7 1 |9 44272 |a Arxiu |b Arxiu |d 2016-12-01 |l 0 |o B-2-8 |p 163 |r 2016-12-01 00:00:00 |w 2016-12-01 |y ARXIU | ||
| 999 | |c 46852 |d 46852 | ||